000 00223nam a22000857a 4500
001 1236072
005 20251001124416.0
245 _aKONUK DEĞİL BAŞ BELASI
_cCHRISTINE NÖSTLINGER
260 _bGÜNIŞIĞI KİTAPLIĞI YAYINLARI
999 _c1236072
_d1236072